ბათუმის შოთა რუსთაველის სახელმწიფო უნივერსიტეტის ბიბლიოთეკა

მათემატიკა ნაწ. 2 : გეომეტრია (თეორია და ამოცანათა კრებული) : (ბიბ.ჩანაწერი № 53120)

000 -ლიდერი
ფიქსირებული სიგრძის საკონტროლო ველი 01878nam a2200301Ia 4500
001 - საკონტროლო ნომერი
საკონტროლო ველი 20159
003 - საკონტროლო ნომრის იდენტიფიკატორი
საკონტროლო ველი GE_BSU
005 - ბოლო ოპერაციის თარიღი და დრო
საკონტროლო ველი 20250519164837.0
008 - ფიქსირებული სიგრძის მონაცემთა ელემენტები - ზოგადი ინფორმაცია
ფიქსირებული სიგრძის საკონტროლო ველი 181216s1991||||ge |||||||||||||| ||geo||
020 ## - წიგნის საერთაშორისო სტანდარტული ნომერი
International Standard Book Number ISBN 5-505-01248-5
040 ## - კატალოგიზაციის წყარო
Transcribing agency GE_BSU
041 ## - ენის კოდი
Language code of text/sound track or separate title geo
080 ## - უნივერსალური ათობითი კლასიფიკაციის ინდექსი
Universal Decimal Classification number 51(075.4) + 514(075.4) + 514(076.1) მ-15
245 ## - ცნობა სათაურის შესახებ
Title მათემატიკა ნაწ. 2 : გეომეტრია (თეორია და ამოცანათა კრებული) :
Remainder of title სახელმძღვ. უმაღ. სასწ. მოსამზ. განყ. მსმენელებისა და აბიტურიენტებისათვის /
Statement of responsibility, etc ს. თოფურია, გ. აბესაძე, გ. ოზბეგაშვილი და სხვ. ; ს. თოფურიას რედაქციით.
250 ## - გამოცემის ცნობა
Edition statement მე-3 გადამუშავებული და შევსებული გამოცემა
264 ## - წარმოების, გამოცემის, დისტრიბუციის და სხვა ცნობები
გამოცემის, წარმოების, დისტრიბუციის... ადგილი თბილისი :
გამოცემის, წარმოების, დისტრიბუციის... სახელწოდება [გ.გ.],
გამოცემის, წარმოების, დისტრიბუციის... თარიღი 1991.
300 ## - ფიზიკური აღწერა
Extent 600 გვ. ;
Dimensions 21 სმ.
504 ## - BIBLIOGRAPHY, ETC. NOTE
Bibliography, etc ბიბლიოგრ. : გვ. 591
653 ## - INDEX TERM--UNCONTROLLED
Uncontrolled term მათემატიკა
653 ## - INDEX TERM--UNCONTROLLED
Uncontrolled term მათემატიკა - სახელმძღვანელოები აბიტურიენტებისათვის
653 ## - INDEX TERM--UNCONTROLLED
Uncontrolled term გეომეტრია - სახელმძღვანელოები აბიტურიენტებისათვის
653 ## - INDEX TERM--UNCONTROLLED
Uncontrolled term გეომეტრია - ამოცანათა კრებულები
700 ## - ADDED ENTRY--PERSONAL NAME
Personal name თოფურია, ს.
Relator term ავტორი
9 (RLIN) 25073
700 ## - ADDED ENTRY--PERSONAL NAME
Personal name აბესაძე, გ.
Relator term ავტორი
9 (RLIN) 1415
700 ## - ADDED ENTRY--PERSONAL NAME
Personal name ოზბეგაშვილი, გ.
Relator term ავტორი
9 (RLIN) 1416
942 ## - ADDED ENTRY ELEMENTS (KOHA)
Koha item type წიგნი
Source of classification or shelving scheme
ეგზემპლარები
ჩამოწერის სტატუსი დაკარგული ეგზემპლარის სტატუსი კლასიფიკაციის წყარო ან თაროზე გაწყობის სქემა დაზიანების სტატუსი არ გაიცემა მუდმივი მდებარეობა (დაცვის ადგილი) ამჟამინდელი ადგილსამყოფელი თაროზე განთავსების ადგილი შეძენის თარიღი ღირებულება, შესყიდვის ნორმალური ფასი სრული შენახვის შიფრი შტრიხკოდი ბოლო ოპერაციის თარიღი ეგზემპლარის მიმდევრობითი ნომერი (კეტერი?) ფასის ძალაში შესვლის თარიღი ეგზემპლარის სახეობა საჯარო შენიშვნა
          ბათუმის შოთა რუსთაველის სახელმწიფო უნივერსიტეტის მთავარი ბიბლიოთეკა ბათუმის შოთა რუსთაველის სახელმწიფო უნივერსიტეტის მთავარი ბიბლიოთეკა წიგნსაცავი 2018-12-17 15.00 51(075.4) + 514(075.4) + 514(076.1) მ-15 27925 2018-12-17 27925 2018-12-17 წიგნი 15.00 ₾.